Monty Python - Filme und Serien - Statistiken

Allgemein
  • Dieses Quiz wurde 63 mal gespielt
  • Das Durchschnittsergebnis liegt bei 3 aus 6
Antwortstatistiken
Erscheinungsjahr Film/Serie % Korrekt
1975 Ritter der Kokosnuß
91%
1979 Leben des Brian
70%
1983 Sinn des Lebens
41%
1971-1972 Fliegender Zirkus
27%
1971 Wunderbare Welt der Schwerkraft
23%
1982 Live at the Hollywood Bowl
4%
Keine übereinstimmenden Quizze gefunden
Verteilung der Resultate
Anzahl Personen mit jedem Resultat
Perzentil nach korrekt beantworteten Fragen
Ihre Resultats-Entwicklung
Sie haben dieses Quiz noch nicht gespielt